BIBLIOTECA

SENCICO

Planificación y programación de la ejecución del proyecto / (Registro nro. 241)

Detalles MARC
000 -LEADER
fixed length control field 00683nam a2200181Ia 4500
003 - CONTROL NUMBER IDENTIFIER
control field PE SENCICO BE
005 - DATE AND TIME OF LATEST TRANSACTION
control field 20251020182431.0
008 - FIXED-LENGTH DATA ELEMENTS--GENERAL INFORMATION
fixed length control field 200515s9999 xx 000 0 und d
040 ## - CATALOGING SOURCE
Original cataloging agency PE SENCICO BE
Transcribing agency PE SENCICO BE
110 1# - MAIN ENTRY--CORPORATE NAME
Corporate name or jurisdiction name as entry element Perú.
9 (RLIN) 2568
Subordinate unit Ministerio de Vivienda y Construcción
245 10 - TITLE STATEMENT
Title Planificación y programación de la ejecución del proyecto /
Statement of responsibility, etc. Ministerio de Vivienda y Construcción
260 ## - PUBLICATION, DISTRIBUTION, ETC.
Place of publication, distribution, etc. Lima :
Name of publisher, distributor, etc. Ministerio de Vivienda y Construcción ;
Date of publication, distribution, etc. [1973]
300 ## - PHYSICAL DESCRIPTION
Extent p. irreg. :
Other physical details tbl. ;
Dimensions 26 cm.
650 10 - SUBJECT ADDED ENTRY--TOPICAL TERM
Topical term or geographic name entry element Evaluación de proyectos
9 (RLIN) 14
650 20 - SUBJECT ADDED ENTRY--TOPICAL TERM
Topical term or geographic name entry element Administración de proyectos
9 (RLIN) 149
650 20 - SUBJECT ADDED ENTRY--TOPICAL TERM
Topical term or geographic name entry element Proyectos de construcción
9 (RLIN) 981
942 ## - ADDED ENTRY ELEMENTS (KOHA)
Koha item type Libros
Source of classification or shelving scheme Dewey Decimal Classification
Existencias
Fecha de la última vez que lo usaron Número de ingreso o de inventario Pago total Signatura topográfica completa Código de barras Precio efectivo desde Tipo de documento Estado perdido Sistema de clasificación Estado dañado No es para préstamo Retirado Ubicación permanente Ubicación actual Fecha de adquisición
15/05/2020 1000   658.404/P4 BibLima24080038 15/05/2020 Libros   Dewey Decimal Classification       Biblioteca Central Lima Biblioteca Central Lima 15/05/2020